| 000 | 00464nam a2200181Ia 4500 | ||
|---|---|---|---|
| 001 | 4262 | ||
| 005 | 20260306145743.0 | ||
| 008 | 260306t1992||||xx |||||||||||||| ||spa|| | ||
| 041 | _aESP | ||
| 082 |
_a320.1 _bH62 |
||
| 100 |
_aHobbes, Thomas _eAUT |
||
| 245 | 0 |
_aBehemoth: _bestudio preliminar, traducción y notas de Miguel Ángel Rodilla |
|
| 260 | _c1992 | ||
| 300 |
_a268 páginas : _c18 cm. |
||
| 650 | _aGEN | ||
| 654 | _aCDE | ||
| 942 |
_cLIB _dJUS _fJUS _2ddc _n |
||
| 999 |
_c4262 _d4262 |
||